Language Quiz

Random Language or French Quiz

French-English Same Vocab Quiz Stats

 Plays Quiz not verified by Sporcle

Also try: Broken Words II
Challenge
Share
Tweet
Embed
Score 0/16 Timer 02:00
0 Plays Today
% Correct
restaurant
90.7%
chauffeur
89.3%
France
86.7%
amour
85.3%
table
82.7%
important
81.3%
Luxembourg
78.7%
massage
77.3%
% Correct
weekend
68%
bus
65.3%
golf
64%
message
62.7%
football
61.3%
couple
60%
microphone
50.7%
bacon
44%

You're not logged in!

Compare scores with friends on all Sporcle quizzes.
OR
Log In

You Might Also Like...

Show Comments

Extras

Top Quizzes Today


Score Distribution

Your Account Isn't Verified!

In order to create a playlist on Sporcle, you need to verify the email address you used during registration. Go to your Sporcle Settings to finish the process.

Report this User

Report this user for behavior that violates our Community Guidelines.

Details: